[Event "Budapest Spring Festival 2019"]
[Site "Budapest"]
[Date "2019.04.16"]
[Round "8.28"]
[White "Nomin-Erdene, Davaademberel"]
[Black "Vegh, Endre"]
[Result "1-0"]
[WhiteElo "2399"]
[BlackElo "2240"]
[Annotator "NA RC"]
[PlyCount "105"]
[EventDate "2019.04.09"]
[EventType "swiss"]
[EventCountry "HUN"]
[SourceTitle "playchess.com"]
[Source "ChessBase"]
[SourceQuality "1"]
[TimeControl "40/5400+30:1800+30"]

1. e4 {[%emt 0:00:03]} c5 {[%emt 0:00:28]} 2. Nf3 {[%emt 0:00:06]} d6 {[%emt 0:00:24]} 3. d4 {[%emt 0:00:06]} cxd4 {[%emt 0:00:07]} 4. Nxd4 {[%emt 0:00:05]} Nf6 {[%emt 0:00:06]} 5. Nc3 {[%emt 0:00:10]} a6 {[%emt 0:00:16]} 6. Be3 {[%emt 0:00:15]} e6 {[%emt 0:00:34]} 7. f3 {[%emt 0:00:16]} b5 {[%emt 0:00:42]} 8. g4 {[%emt 0:00:07]} Nfd7 {[%emt 0:01:16]} 9. Qd2 {[%emt 0:00:15] B80: Sicilian Scheveningen: 6 g3 and 6 Be3, including English Attack} Nb6 {[%emt 0:04:12]} 10. a4 {[%emt 0:09:35]} Nc4 {[%emt 0:03:18]} 11. Bxc4 {[%emt 0:00:08]} bxc4 {[%emt 0:00:04]} 12. a5 {[%emt 0:00:06]} Be7 {[%emt 0:04:33]} 13. O-O {[%emt 0:23:46]} Qc7 {[%emt 0:09:34]} 14. Qe2 {[%emt 0:15:20]} Bd7 {[%emt 0:06:32]} 15. Na4 {[%emt 0:02:02]} Bb5 $146 {[%emt 0:16:32]} ({Predecessor:} 15... Ra7 16. Nb6 c3 {½-½ (39) Lupulescu,C (2560)-Szabo,G (2433) Bucharest 2004}) 16. Nb6 {[%emt 0:03:02]} Ra7 {[%emt 0:02:29]} 17. b3 {[%emt 0:02:21]} O-O {[%emt 0:08:25]} 18. Nxb5 {[%emt 0:08:18]} axb5 {[%emt 0:00:07]} 19. bxc4 {[%emt 0:00:06]} b4 {[%emt 0:05:47]} 20. Na4 {[%emt 0:08:38]} Ra8 {[%emt 0:04:21]} 21. Bb6 {[%emt 0:03:03]} Qc6 {[%emt 0:00:43]} 22. c3 {[%emt 0:02:15]} bxc3 {[%emt 0:01:59]} 23. Nxc3 {[%emt 0:06:40]} Bf6 {[%emt 0:00:49]} 24. Rfc1 {[%emt 0:07:17]} Nd7 {[%emt 0:01:48]} 25. Be3 {[%emt 0:00:25]} Rfc8 {[%emt 0:02:26]} 26. g5 {[%emt 0:03:01]} Be5 {[%emt 0:03:22]} 27. Ra2 {[%emt 0:01:51]} Qxc4 {[%emt 0:01:02]} 28. Qxc4 {[%emt 0:00:38]} Rxc4 {[%emt 0:00:04]} 29. Ne2 {[%emt 0:00:07]} Rxc1+ {[%emt 0:01:58]} 30. Bxc1 {[%emt 0:00:04]} d5 {[%emt 0:03:20]} 31. exd5 {[%emt 0:00:39]} exd5 {[%emt 0:00:10]} 32. Be3 {[%emt 0:01:50]} Ra6 {[%emt 0:04:57]} 33. Kg2 {[%emt 0:03:10]} Kf8 {[%emt 0:00:20]} 34. f4 {[%emt 0:00:24]} Bc7 {[%emt 0:01:10]} 35. Bd2 {[%emt 0:00:26]} Ke8 {[%emt 0:01:52]} 36. Nd4 {[%emt 0:00:48]} Nc5 {[%emt 0:01:36]} 37. Kf3 {[%emt 0:00:30]} Kd7 {[%emt 0:01:00]} 38. h4 {[%emt 0:00:29]} Ne4 {[%emt 0:03:29]} 39. Be1 {[%emt 0:00:24]} Nd6 {[%emt 0:00:28]} 40. Nb3 {[%emt 0:00:00]} Kc6 {[%emt 0:00:00]} 41. Re2 {[%emt 0:14:30]} Bd8 {[%emt 0:04:58]} 42. h5 {[%emt 0:05:32]} g6 {[%emt 0:03:25]} 43. h6 {[%emt 0:00:27]} Ra8 {[%emt 0:05:26]} 44. Re5 {[%emt 0:06:19]} Rb8 $2 {[%emt 0:06:00]} (44... Nf5 $11 {and Black stays safe.} 45. Re8 Rb8) 45. Nd4+ {[%emt 0:00:19]} Kc5 {[%emt 0:02:10]} 46. Bf2 {[%emt 0:00:24]} Kc4 {[%emt 0:05:37]} 47. Nc6 {[%emt 0:02:10]} Ra8 {[%emt 0:03:31] [#]} 48. a6 $1 {[%emt 0:00:34]} Ne4 {[%emt 0:01:29]} 49. Re8 {[%emt 0:01:22]} Rxa6 {[%emt 0:03:39]} 50. Ne5+ {[%emt 0:00:05]} ({Less strong is} 50. Nxd8 Ra3+ 51. Be3 Nd6 $14) 50... Kb5 {[%emt 0:03:10]} 51. Rxd8 {[%emt 0:00:05]} Ra3+ {[%emt 0:00:39]} 52. Be3 $18 {[%emt 0:00:17]} Nc3 {[%emt 0:00:52]} 53. Nxf7 {[%emt 0:00:49]} 1-0

[Event "Budapest Spring Festival 2019"]
[Site "Budapest"]
[Date "2019.04.16"]
[Round "8.29"]
[White "Zentai, Peter"]
[Black "Taylor, Adam C"]
[Result "0-1"]
[WhiteElo "2263"]
[BlackElo "2398"]
[Annotator "NA RC"]
[PlyCount "84"]
[EventDate "2019.04.09"]
[EventType "swiss"]
[EventCountry "HUN"]
[SourceTitle "playchess.com"]
[Source "ChessBase"]
[SourceQuality "1"]
[TimeControl "40/5400+30:1800+30"]

1. d4 Nf6 {[%emt 0:00:33]} 2. c4 {[%emt 0:04:26]} e6 {[%emt 0:00:04]} 3. Nc3 {[%emt 0:00:05]} Bb4 {[%emt 0:00:04]} 4. Qc2 {[%emt 0:00:19]} O-O {[%emt 0:00:08]} 5. a3 {[%emt 0:03:39]} Bxc3+ {[%emt 0:00:06]} 6. Qxc3 {[%emt 0:00:02]} b6 {[%emt 0:00:02]} 7. Bg5 {[%emt 0:00:43]} Bb7 {[%emt 0:00:29]} 8. f3 {[%emt 0:00:52]} d6 {[%emt 0:00:33]} 9. e4 {[%emt 0:03:21]} c5 {[%emt 0:01:53]} 10. d5 {[%emt 0:07:08]} Nbd7 {[%emt 0:01:22]} 11. Nh3 {[%emt 0:00:41]} exd5 {[%emt 0:01:48]} 12. cxd5 {[%emt 0:00:21]} Re8 {[%emt 0:00:05]} 13. O-O-O {[%emt 0:02:44]} c4 {[%emt 0:00:03]} 14. Kb1 {[%emt 0:09:59]} b5 {[%emt 0:00:07]} 15. Nf2 {[%emt 0:03:31]} a5 {[%emt 0:01:37]} 16. a4 {[%emt 0:08:52]} Ba6 {[%emt 0:33:32]} 17. axb5 {[%emt 0:01:20]} Bxb5 {[%emt 0:00:06]} 18. Qa3 {[%emt 0:07:12]} Qc7 {[%emt 0:06:12]} 19. Rc1 {[%emt 0:03:00]} Rab8 {[%emt 0:01:07]} 20. Nd1 {[%emt 0:06:36]} Ba6 {[%emt 0:01:34]} 21. Bd2 {[%emt 0:04:01]} Nc5 {[%emt 0:01:35]} 22. Bxc4 {[%emt 0:08:16]} Bxc4 {[%emt 0:02:46]} 23. Rxc4 {[%emt 0:00:01]} Qd7 {[%emt 0:00:13]} 24. Rc3 {[%emt 0:15:38]} a4 {[%emt 0:06:50]} 25. Be3 {[%emt 0:00:34]} Nxd5 {[%emt 0:01:27]} 26. exd5 {[%emt 0:01:11]} Qf5+ {[%emt 0:00:05]} 27. Rc2 {[%emt 0:01:35]} Rb3 {[%emt 0:01:47]} 28. Qa2 {[%emt 0:00:01]} Rc8 {[%emt 0:06:08]} 29. Bxc5 {[%emt 0:02:01]} Rxc5 {[%emt 0:00:11]} 30. Ne3 {[%emt 0:00:06]} Rxe3 {[%emt 0:00:52]} 31. Qxa4 {[%emt 0:00:01]} h5 {[%emt 0:00:58]} 32. Rhc1 {[%emt 0:01:32]} Rxd5 {[%emt 0:02:41]} 33. Qa8+ {[%emt 0:01:23]} Kh7 {[%emt 0:00:03]} 34. Qc8 {[%emt 0:00:10]} Qg6 {[%emt 0:00:28]} 35. Qa6 {[%emt 0:03:03]} Rd2 {[%emt 0:13:07]} 36. Qa4 {[%emt 0:00:01]} Rxg2 {[%emt 0:00:25]} 37. Ka2 {[%emt 0:00:38]} Qe6+ {[%emt 0:01:10]} 38. Qc4 {[%emt 0:01:05]} d5 {[%emt 0:03:48]} 39. Qd4 {[%emt 0:01:12]} Rxc2 {[%emt 0:00:31]} 40. Rxc2 {[%emt 0:00:00]} Qa6+ {[%emt 0:00:00]} 41. Kb1 {[%emt 0:00:59]} Re1+ {[%emt 0:00:04]} 42. Rc1 {[%emt 0:00:18]} Qg6+ {[%emt 0:00:02]} 0-1

[Event "Budapest Spring Festival 2019"]
[Site "Budapest"]
[Date "2019.04.16"]
[Round "8.30"]
[White "Kayonde, Andrew"]
[Black "Polyik, Peter"]
[Result "1-0"]
[WhiteElo "2394"]
[BlackElo "2303"]
[Annotator "TA"]
[PlyCount "67"]
[EventDate "2019.04.09"]
[EventType "swiss"]
[EventCountry "HUN"]
[SourceTitle "playchess.com"]
[Source "ChessBase"]
[SourceQuality "1"]

{[%evp 10,67,0,5,33,0,0,-29,-22,-37,-34,-32,-32,-28,-30,-41,-34,-38,-37,-25,-25,-54,-19,-19,-18,-18,-15,-26,-19,-5,-12,-28,-25,-46,-33,-30,-21,-27,0,-9,-7,-17,-10,-20,-18,-28,-8,-8,0,0,102,100,111,103,422,419,396,388,401,225]} 1. d4 Nf6 2. c4 e6 3. Nc3 Bb4 4. e3 d5 5. a3 Bxc3+ 6. bxc3 c6 {E40: Nimzo-Indian: Rubinstein (4 e3): Unusual Black 4th moves} (6... c5 7. Nf3 O-O 8. Be2 dxc4 9. Bxc4 Qc7 10. Be2 b6 11. O-O Bb7 12. Bb2 Nbd7 13. h3 Rfd8 14. a4 Rac8 15. a5 h6 16. axb6 axb6 17. Ra7 Ra8 18. Rxa8 Rxa8 19. c4 Rc8 20. Qb3 Qc6 {½-½ (51) Nepomniachtchi,I (2768)-Inarkiev,E (2690) Satka 2018}) 7. Bd3 e5 8. dxe5 dxc4 $1 {Black has an edge.} 9. Be2 Qxd1+ 10. Bxd1 Ne4 11. Ne2 Nd7 12. Bc2 Nec5 $146 ({Predecessor:} 12... Ndc5 13. f4 f6 14. exf6 {½-½ (64) Georgiev,V (2532)-Kurajica,B (2555) Solin 2006}) 13. f4 f6 14. exf6 Nxf6 15. Ng3 O-O 16. O-O Re8 17. Re1 Nfe4 18. Nxe4 Nxe4 19. Bxe4 Rxe4 20. Rd1 Bf5 21. Rd4 Rxd4 22. exd4 $15 {[%mdl 4096] Endgame KRB-KRB} Re8 {Strongly threatening ...Re2.} 23. Kf2 Bd3 {White must now prevent ...Re2+.} 24. Be3 Rd8 25. Re1 Rd5 26. Bd2 Rb5 27. Re7 a5 28. g4 a4 29. f5 {Threatening Bf4.} Rb3 (29... h5 $11 {keeps the balance.}) 30. Bf4 $1 $16 {[%cal Rf4d6] Bd6 is the strong threat.} Rxc3 {[#]} 31. Be5 $1 Rb3 $2 {[%mdl 8192]} (31... Rc1 $16) 32. Rxg7+ $18 Kf8 {[#]} 33. f6 $1 {White threatens Bd6+ and mate.} Rb2+ 34. Kg3 {Accuracy: White = 61%, Black = 49%.} (34. Ke3 $142 Bg6 35. Bd6+ Ke8 36. Re7+ Kd8 37. f7 Rb3+ 38. Kf4 Bxf7 39. Rxf7) 1-0

[Event "Budapest Spring Festival 2019"]
[Site "Budapest"]
[Date "2019.04.16"]
[Round "8.31"]
[White "Starcevic, Ante Leon"]
[Black "Gschnitzer, Adrian"]
[Result "0-1"]
[WhiteElo "2199"]
[BlackElo "2380"]
[Annotator "TA"]
[PlyCount "90"]
[EventDate "2019.04.09"]
[EventType "swiss"]
[EventCountry "HUN"]
[SourceTitle "playchess.com"]
[Source "ChessBase"]
[SourceQuality "1"]

{[%evp 9,90,16,64,46,47,41,55,36,39,32,45,45,30,61,53,0,0,0,0,-11,15,12,45,43,39,43,57,20,22,-137,-129,-147,-145,-154,-161,-151,-160,-175,-182,-193,-188,-193,-189,-203,-197,-207,-212,-218,-220,-216,-193,-187,-100,-100,-104,-95,-90,-104,-106,-110,-62,-77,-75,-126,-97,-98,-84,-85,-61,-153,-153,-191,-191,-191,-191,-1139,-1100,-1074,-956,-778,-727,-729,-617]} 1. d4 Nf6 2. c4 c5 3. d5 b5 4. cxb5 a6 5. bxa6 g6 6. Nc3 {A58: Benko/Volga Gambit: Lines with 5 bxa6} Bg7 7. e4 O-O 8. Nf3 {White is slightly better.} (8. e5 Ne8 9. h4 Bxe5 10. Bh6 Bxa6 11. h5 Ng7 12. Nf3 Bxc3+ 13. bxc3 Bxf1 14. Kxf1 {1-0 (22) So,W (2780)-Duda,J (2737) chess.com INT 2018}) 8... Qa5 {With the idea ...Nxe4.} 9. Bd2 {Strongly threatening e5.} Bxa6 10. Be2 Qb4 11. Bxa6 Nxa6 {[%cal Bb8a6,Ba6b4,Bb4c2][%mdl 32]} 12. Qc2 (12. Qe2 $1 $14) 12... Qc4 $11 {Hoping for ...Nb4.} 13. Qb3 $146 ({Predecessor:} 13. b3 Nb4 14. Qb1 Qa6 15. a4 Ng4 16. Nb5 Qxb5 {0-1 (16) Vesterli,M (2159)-Taylor,A (2326) Helsingor 2018}) 13... Qxb3 14. axb3 Nb4 15. Ke2 Nc2 16. Ra4 d6 17. Rc1 Nb4 18. Ne1 Rab8 $1 19. Ra3 $2 {[#]} (19. Rd1 $11) 19... Nxe4 $1 $17 {[%mdl 512]} 20. Nxe4 Bxb2 {[%mdl 64] Double Attack} 21. Ra7 {Black must now prevent Rb1.} Bxc1 22. Bxc1 Nxd5 23. Bh6 Ra8 24. Rxa8 Rxa8 25. Nd2 f6 26. Be3 Kf7 27. Nc2 e5 28. Nc4 Ke6 29. Bd2 Ra2 30. Kd1 Nb4 (30... g5 $19 31. Kc1 Ra8) 31. Bxb4 cxb4 32. Nd2 d5 33. Nxb4 Ra1+ 34. Ke2 g5 {[%mdl 1024] Black has strong compensation.} 35. Nc2 Rc1 36. Ne1 ({White should play} 36. Kd3) 36... e4 37. g4 Rc3 38. b4 Ke5 39. f3 (39. Kd1 $15) 39... e3 40. Nf1 d4 41. Ng3 Ra3 42. Nd3+ $2 (42. Ne4) 42... Kd5 $19 {Black is clearly winning.} 43. Ne4 Ra2+ 44. Ke1 Kc4 45. Nec5 Rd2 {Accuracy: White = 48%, Black = 81%.} 0-1

[Event "Budapest Spring Festival 2019"]
[Site "Budapest"]
[Date "2019.04.16"]
[Round "8.32"]
[White "Kosic, Dragan"]
[Black "Bodi, Tibor"]
[Result "1/2-1/2"]
[WhiteElo "2508"]
[BlackElo "2240"]
[Annotator "TA"]
[PlyCount "77"]
[EventDate "2019.04.09"]
[EventType "swiss"]
[EventCountry "HUN"]
[SourceTitle "playchess.com"]
[Source "ChessBase"]
[SourceQuality "1"]

{[%evp 9,77,23,19,20,40,10,29,30,25,25,37,22,39,30,31,0,0,0,0,-20,-20,-32,-34,-38,-36,-36,-30,-32,-45,-30,-26,-87,-95,-87,-86,-92,-94,-306,-292,-122,0,-7,-4,-6,0,-137,-125,-149,-139,-145,-136,-147,-143,-139,-144,-145,-112,-112,-112,-112,-106,-114,-106,-106,-106,-106,-106,-106,-106,-106]} 1. d4 f5 2. Nc3 d5 3. Bf4 Nf6 4. e3 e6 5. Nf3 a6 6. Bd3 {A80: Dutch Defence: Unusual White second moves} Be7 (6... c5 7. dxc5 Bxc5 8. O-O Nc6 9. Ne2 Qe7 10. Ned4 Bd7 11. c4 {½-½ (55) Shimanov,A (2641)-Carlsen,M (2834) chess.com INT 2018}) 7. h3 O-O 8. O-O {White has an edge.} Nbd7 $146 {[%cal Bb8d7,Bd7b6,Bb6d5][%mdl 32]} ({Predecessor:} 8... Nc6 9. a3 Bd7 10. Ne2 b5 11. Bh2 {½-½ (42) Polak,T (2503)-Bartel,M (2626) Czechia 2014}) 9. Ne2 c5 {And now ...c4 would win.} 10. c4 dxc4 11. Bxc4 {Hoping for Ng5.} Nb6 $1 {[%cal Rb6c4]} 12. Bb3 c4 $1 {[%cal Rc4b3]} 13. Bc2 Nbd5 14. Bh2 b5 15. Ne5 Bb7 16. a3 Rc8 17. Qd2 a5 18. f3 b4 19. axb4 axb4 20. e4 (20. Ra7 $11 c3 21. bxc3 bxc3 22. Qc1) 20... fxe4 $1 $17 21. fxe4 {[#]} c3 $1 {[%cal Rc3d2]} 22. bxc3 Nxc3 23. Nxc3 $2 (23. Bb3 $17 {was the only defense.} Qb6 24. Nf4 Ncxe4 25. Qb2) 23... Rxc3 $19 24. Rae1 {[#]} (24. d5 $19) 24... Rxc2 (24... Qb6 $1 $17 25. Bb1 Rd8) 25. Qxc2 $11 Qxd4+ {[%mdl 64] Double Attack} 26. Kh1 {Black must now prevent Qb3.} Nxe4 {aiming for ...Nf2+.} 27. Nf3 (27. Nc6 $11 Bxc6 28. Qxc6 Rxf1+ 29. Rxf1 Nf2+ 30. Kg1 Nxh3+ 31. Kh1 Nf2+ 32. Kg1 Ne4+ 33. Kh1 Nf2+ 34. Kg1 Nd3+ 35. Kh1 Nf2+) 27... Qc3 28. Qe2 Bc5 {Threatens to win with ...b3.} 29. Rc1 {[#]} Nf2+ $1 {[%mdl 512]} 30. Qxf2 (30. Rxf2 Qxc1+) 30... Qxc1 $1 ({And not} 30... Bxf2 31. Rxc3 bxc3 32. Rxf2 $11) 31. Rxc1 Bxf2 32. Bd6 Rc8 33. Rxc8+ {Black is better.} Bxc8 34. Bxb4 $17 {KBB-KBN} Bb7 35. Bc3 Bxf3 36. gxf3 Kf7 37. Kg2 Bh4 38. Bd4 Bf6 39. Ba7 {Accuracy: White = 44%, Black = 68%.} 1/2-1/2

[Event "Budapest Spring Festival 2019"]
[Site "Budapest"]
[Date "2019.04.16"]
[Round "8.33"]
[White "Ilic, Zoran S"]
[Black "Ertan, Can"]
[Result "1/2-1/2"]
[WhiteElo "2302"]
[BlackElo "2404"]
[Annotator "TA"]
[PlyCount "122"]
[EventDate "2019.04.09"]
[EventType "swiss"]
[EventCountry "HUN"]
[SourceTitle "playchess.com"]
[Source "ChessBase"]
[SourceQuality "1"]

{[%evp 20,122,12,13,18,-14,0,0,8,-3,44,40,24,19,27,13,13,31,32,27,27,27,52,-26,-14,-12,-4,-135,0,0,0,-2,10,31,22,-16,27,21,55,66,456,450,434,220,217,216,210,11,11,11,10,13,13,13,14,7,29,24,43,49,196,195,254,251,232,70,77,90,56,43,42,0,0,0,0,0,8,0,0,0,8,0,0,0,0,0,0,0,0,0,0,0,0,0,0,0,0,0,0,0,0,0,0,-8,-8]} 1. d4 Nf6 2. Nf3 e6 3. c4 b6 4. g3 Ba6 5. b3 Bb4+ 6. Bd2 Be7 7. Bg2 O-O 8. O-O c6 9. Qc2 d5 10. Rd1 Nbd7 11. a4 Bd6 {E15: Queen's Indian: 4 g3 sidelines, 4 g3 Ba6 and 4 g3 Bb7 early deviations} (11... Qc8 12. Na3 c5 13. cxd5 Nxd5 14. Nc4 Bb7 15. dxc5 Nxc5 16. Rac1 Nf6 17. b4 Nce4 18. Be1 Qe8 19. Ng5 Nxg5 20. Bxb7 {1-0 (35) Matlakov,M (2704)-Zhou,J (2624) Qinhuangdao 2018}) 12. Na3 Qe7 13. Bc1 $146 ({Predecessor:} 13. Qb2 Rac8 14. Rdc1 Ne4 15. Be1 Bb4 16. Bxb4 Qxb4 17. Nc2 Qd6 18. Ne3 f5 19. Nd2 {0-1 (46) Anikonov,D (2371)-Miton,K (2588) St Petersburg 2018}) 13... Rac8 14. Bb2 e5 15. dxe5 Nxe5 16. Nd4 {Threatening Nf5.} Bc5 17. cxd5 cxd5 18. Qf5 Rcd8 19. Nac2 Rfe8 20. Qf4 Bxe2 {...Ng6 is the strong threat.} 21. Nf5 (21. Re1 $14 Bxd4 22. Nxd4) 21... Qc7 {[#]} 22. Qg5 $1 {[%csl Gf5][%cal Rg5g7][%mdl 512]} Nh5 $1 23. Ncd4 (23. Re1 $11 f6 24. Qd2) 23... Bxd4 (23... Bxd1 $17 24. Rxd1 g6 25. Nh6+ Kf8) 24. Rxd4 $11 {aiming for Rc1.} f6 $1 {[%cal Rf6g5]} 25. Qd2 $36 {[%mdl 2048] White has the initiative.} Nf3+ 26. Bxf3 $1 Bxf3 27. Re1 Re5 28. Nh4 $1 {[%cal Rh4f3]} Be4 29. f3 Bc2 $2 {[%mdl 8192]} (29... g5 $14) 30. Rc1 $18 Rc8 31. Rxd5 (31. Rd3 $142 {Black must now prevent Rc3.} d4 32. Rxd4) 31... Rxd5 32. Qxd5+ {[%mdl 64] Double Attack} Qf7 33. Nf5 $2 ({Only move:} 33. Qxf7+ $18 Kxf7 34. Ng2) 33... Qxd5 $11 34. Ne7+ {[%mdl 64] Double Attack} Kf7 35. Nxd5 {Strongly threatening Ne3.} Rc5 36. b4 Rxd5 37. Rxc2 {[%mdl 4096] Endgame KRB-KRN} Ke6 38. Kf2 f5 39. Ke3 g5 (39... Kd7 $14) 40. Rc6+ $18 Rd6 {[#]} (40... Kd7 $142 41. Rh6 {[%mdl 64] Double Attack} f4+ 42. gxf4 Nxf4 43. Rxh7+ Ke6) 41. Rxd6+ $1 Kxd6 {[#] KB-KN} 42. g4 $2 ({White must play} 42. Kd3 $1 $18) 42... fxg4 $14 43. fxg4 Nf4 44. Ke4 Ke6 45. Bc1 Nd5 {The position is equal.} 46. Bxg5 {Threatens to win with Bd2.} Nxb4 47. Bd2 Nd5 48. h4 Nf6+ 49. Kf4 a6 50. h5 b5 51. axb5 axb5 52. Be1 h6 53. Kf3 Nd7 54. Bc3 Ne5+ 55. Kf4 Nd3+ 56. Ke3 Ne5 57. Kf4 Nf7 58. Bg7 b4 59. Ke4 b3 60. Kd3 Ne5+ {[%mdl 64] Double Attack} 61. Kc3 Nxg4 {Accuracy: White = 47%, Black = 33%.} 1/2-1/2

[Event "Budapest Spring Festival 2019"]
[Site "Budapest"]
[Date "2019.04.16"]
[Round "8.35"]
[White "Nguyen, Van Thanh"]
[Black "Torok, Sandor"]
[Result "0-1"]
[WhiteElo "2391"]
[BlackElo "2273"]
[Annotator "NA RC"]
[PlyCount "64"]
[EventDate "2019.04.09"]
[EventType "swiss"]
[EventCountry "HUN"]
[SourceTitle "playchess.com"]
[Source "ChessBase"]
[SourceQuality "1"]
[TimeControl "40/5400+30:1800+30"]

1. d4 {[%emt 0:00:04]} Nf6 {[%emt 0:00:04]} 2. Nf3 {[%emt 0:00:15]} e6 {[%emt 0:00:18]} 3. c4 {[%emt 0:00:13]} Bb4+ {[%emt 0:00:18]} 4. Nbd2 {[%emt 0:00:11]} d5 {[%emt 0:00:58]} 5. e3 {[%emt 0:01:15]} O-O {[%emt 0:00:05]} 6. a3 {[%emt 0:00:24]} Be7 {[%emt 0:00:42]} 7. Be2 {[%emt 0:00:42]} c6 {[%emt 0:01:59]} 8. O-O {[%emt 0:00:39]} Nbd7 {[%emt 0:00:20]} 9. Qc2 {[%emt 0:01:08]} b6 {[%emt 0:08:14]} 10. e4 {[%emt 0:02:19]} Bb7 {[%emt 0:04:01]} 11. e5 {[%emt 0:03:36]} Ne8 {[%emt 0:10:19]} 12. Bd3 {[%emt 0:04:12]} g6 {[%emt 0:00:43]} 13. cxd5 {[%emt 0:00:54]} exd5 {[%emt 0:05:43]} 14. e6 {[%emt 0:09:56]} fxe6 {[%emt 0:01:27]} 15. Re1 {[%emt 0:00:34]} Ng7 {[%emt 0:00:23]} 16. Nf1 {[%emt 0:00:33]} Rxf3 {[%emt 0:10:26]} 17. gxf3 {[%emt 0:00:39]} Bd6 {[%emt 0:12:25]} 18. Bh6 {[%emt 0:06:59]} Qf6 {[%emt 0:03:09]} 19. Qe2 {[%emt 0:05:15]} Re8 {[%emt 0:13:01]} 20. Ne3 {[%emt 0:06:52]} Qh4 {[%emt 0:09:38]} 21. Ng4 {[%emt 0:01:48]} Nf5 {[%emt 0:04:36]} 22. Qd2 {[%emt 0:01:31]} Nxd4 {[%emt 0:00:04]} 23. Qe3 {[%emt 0:00:30]} Ne5 {[%emt 0:07:12]} 24. Nxe5 {[%emt 0:00:55]} Bxe5 {[%emt 0:00:03]} 25. f4 {[%emt 0:00:32]} Bf6 {[%emt 0:00:58]} 26. Bg5 {[%emt 0:03:36]} Bxg5 {[%emt 0:01:26]} 27. fxg5 {[%emt 0:00:13]} c5 {[%emt 0:00:29]} 28. Rac1 {[%emt 0:04:30]} Qg4+ {[%emt 0:01:39]} 29. Kf1 {[%emt 0:00:19]} Nf3 {[%emt 0:00:28]} 30. Red1 {[%emt 0:00:13]} d4 {[%emt 0:00:37]} 31. Bf5 {[%emt 0:00:46]} Nxh2+ {[%emt 0:00:54]} 32. Ke1 {[%emt 0:00:08]} Qg1+ {[%emt 0:00:42]} 0-1

[Event "Budapest Spring Festival 2019"]
[Site "Budapest"]
[Date "2019.04.16"]
[Round "8.36"]
[White "Havanecz, Bianka"]
[Black "Ashwath, R.."]
[Result "1/2-1/2"]
[WhiteElo "2265"]
[BlackElo "2388"]
[Annotator "NA"]
[PlyCount "20"]
[EventDate "2019.04.09"]
[EventType "swiss"]
[EventCountry "HUN"]
[SourceTitle "playchess.com"]
[Source "ChessBase"]
[SourceQuality "1"]
[TimeControl "40/5400+30:1800+30"]

1. d4 {[%emt 0:00:02]} Nf6 {[%emt 0:03:33]} 2. c4 {[%emt 0:00:07]} e6 {[%emt 0:00:03]} 3. Nf3 {[%emt 0:00:11]} d5 {[%emt 0:00:13]} 4. Nc3 {[%emt 0:00:06]} Bb4 {[%emt 0:00:41]} 5. Qa4+ {[%emt 0:00:06]} Nc6 {[%emt 0:00:33]} 6. e3 {[%emt 0:00:06]} O-O {[%emt 0:00:52]} 7. Qc2 {[%emt 0:00:08]} dxc4 {[%emt 0:06:32]} 8. Bxc4 {[%emt 0:00:07]} Bd6 {[%emt 0:01:11]} 9. O-O {[%emt 0:00:30]} e5 {[%emt 0:01:30]} 10. h3 {[%emt 0:00:38]} a6 {[%emt 0:37:11]} 1/2-1/2

[Event "Budapest Spring Festival 2019"]
[Site "Budapest"]
[Date "2019.04.16"]
[Round "8.37"]
[White "Terbe, Julianna"]
[Black "Lye, Lik Zang"]
[Result "1/2-1/2"]
[WhiteElo "2265"]
[BlackElo "2377"]
[Annotator "NA"]
[PlyCount "25"]
[EventDate "2019.04.09"]
[EventType "swiss"]
[EventCountry "HUN"]
[SourceTitle "playchess.com"]
[Source "ChessBase"]
[SourceQuality "1"]
[TimeControl "40/5400+30:1800+30"]

1. c4 {[%emt 0:00:02]} e5 {[%emt 0:00:08]} 2. g3 {[%emt 0:00:14]} Nf6 {[%emt 0:00:11]} 3. Bg2 {[%emt 0:00:13]} c6 {[%emt 0:00:33]} 4. d4 {[%emt 0:00:24]} exd4 {[%emt 0:02:02]} 5. Qxd4 {[%emt 0:00:09]} d5 {[%emt 0:00:29]} 6. Nf3 {[%emt 0:00:08]} Be7 {[%emt 0:12:16]} 7. cxd5 {[%emt 0:00:38]} cxd5 {[%emt 0:04:39]} 8. O-O {[%emt 0:02:26]} Nc6 {[%emt 0:00:55]} 9. Qa4 {[%emt 0:00:04]} O-O {[%emt 0:00:35]} 10. Nc3 {[%emt 0:00:05]} Qb6 {[%emt 0:07:41]} 11. Qb5 {[%emt 0:01:52]} d4 {[%emt 0:15:38]} 12. Qxb6 {[%emt 0:00:06]} axb6 {[%emt 0:00:03]} 13. Nb5 {[%emt 0:00:59]} 1/2-1/2